Представление документа в формате RUSMARC

ПолеНазваниеЗначение
  Тип записи a
  Библиографический уровень a
001 Контрольный номер UONB/MAIN/220362032767472ab10e51aeffb86e4d
005 Дата корректировки 20260423102132.1
100 Данные общей обработки __
a Данные общей обработки 20260423 ||| 0rusy0189 ca
101 Язык документа 0_
a Язык текста rus
102 Страна публикации __
a Страна публикации RU
200 Заглавие и сведения об ответственности 1_
a Заглавие Выполнили долг и проявили мужество
e Сведения, относящиеся к заглавию некролог
f Первые сведения об ответственности Л. Иванова
203 Вид содержания и тип средства __
a Вид содержания Текст
b Характеристика содержания визуальный
c Тип средства непосредственный
215 Физическое описание __
c Иллюстрации/тип воспроизводства ил., портр.
330 Аннотация __
a Аннотация Жители Муратовки - участники СВО, погибшие при исполнении воинского долга.
461 Уровень набора _0
1 2000
a Искра
463 Уровень физической единицы _0
1 2000
a № 15 (9954) (15 апреля)
v С. 8
1 2101
d 2026
1 001UONB/MAIN/6dff71ab5b52478ca1cb2c95533be921
600 Персоналии _1
a Персоналии (Фамилия) Ахметжанов
b Персоналии (Имя, инициалы) К. Ф.
g Полное имя Кямиль Фяттахович
600 Персоналии _1
a Персоналии (Фамилия) Ханбеков
b Персоналии (Имя, инициалы) Ж. Х.
g Полное имя Жамиль Хамидуллович
607 Географические рубрики __
a Географическое наименование Муратовка, село (Павловский район ; Ульяновская область)
610 Ключевые слова 0_
a Ключевые слова участники СВО; погибшие при исполнении воинского долга; некрологи
686 Индексы других классификаций __
2 Код системы rubbk
a Классификационный индекс 68.42
700 Автор _1
a Фамилия Иванова
b Имя (инициалы) Л.
g Полное личное имя Людмила
801 Источник записи _0
a Страна RU
b Организация Ульяновская ОНБ
c Дата составления 20260423
g Правила каталогизации RCR
801 Источник записи _1
a Страна RU
b Организация Ульяновская ОНБ
c Дата составления 20260423
g Правила каталогизации RCR
901 Тип документа __
t Тип документа f
w Контрольный № источника UONB/MAIN/6dff71ab5b52478ca1cb2c95533be921
909 Создатель записи __
a Создатель записи Мухаметжанова
b Дата создания записи 20260423